| 000 | 00813nam a22002057a 4500 | ||
|---|---|---|---|
| 999 |
_c12528 _d12528 |
||
| 003 | AR-CdUCM | ||
| 008 | 190409b ||||| |||| 00| 0 spa d | ||
| 040 |
_aMUNICIPALIDAD PROVINCIAL DEL CUSCO _cBIBLIOTECA MUNICIPAL DEL CUSCO |
||
| 082 |
_a329.1 / _bS13 / 1946 |
||
| 100 |
_aSaco, Alfredo _930403 |
||
| 245 | _aPrograma agrario del aprismo / | ||
| 260 |
_aLima : _bEds. Populares, _c1946. |
||
| 300 |
_a63 páginas ; _c20 cm. |
||
| 505 | _aContenido: Política agrario nacional y social -- Política de producción agropecuaria -- Política de bonificación y colonización -- Política de educación agropecuaria -- Administración publica agraria. | ||
| 650 |
_aAgricultura y Estado _94586 |
||
| 650 |
_aPolítica agraria _93156 |
||
| 650 |
_aPerú _935 |
||
| 942 |
_2ddc _cLIBROS |
||
| 945 |
_adavv _d09/04/2019 |
||